Normal view
MARC view
- MATHEMATICAL STATISTICS - DTAT PROCESSING
Entry Topical Term
001 - CONTROL NUMBER
- control field: 4446
003 - CONTROL NUMBER IDENTIFIER
- control field: CBULib
005 - DATE AND TIME OF LATEST TRANSACTION
- control field: 20250228084903.0
008 - FIXED-LENGTH DATA ELEMENTS
- fixed length control field: 250228|| aca||babn | a|a d
040 ## - CATALOGING SOURCE
- Original cataloging agency: CBULib
150 ## - HEADING--TOPICAL TERM
- Topical term or geographic name entry element: MATHEMATICAL STATISTICS - DTAT PROCESSING